000 00902nam a2200289 a 4500
001 vtls000185147
003 NLI
005 20210602111209.0
008 101125s1976 ii 001 0 eng
020 _a0706903943 :
_cRs. 15.00
039 9 _y201011252221
_zVLOAD
040 _aNLI
_beng
_cDatasoft 1
_eAACR2
041 0 _aeng
044 _aii
082 0 4 _a320.973
100 1 _aJangam, R. T.
245 1 0 _aAmerican Government and politics /
_cR. T. Jangam
260 _aCalcutta :
_bVikas Pub. House,
_cc 1976
300 _aviii, 170 p. ;
_c22 cm.
504 _aIncludes bibliographical references and index
651 0 _aUnited States
_xPolitics and government
_9174138
887 _a
901 _aDB34190
_b26.4.1978
902 _aE 320.973 J 254
942 _2ddc
_cBKS
999 _aVIRTUA40
_c190448
_d190448
999 _aVTLSSORT0080*0200*0400*0410*0440*0820*1000*2450*2600*3000*5040*6510*9010*9020*9490*9991